|
|
|
|
| LEADER |
00963nab a2200205 i 4500 |
| 001 |
acta82044 |
| 005 |
20231005083303.0 |
| 008 |
231005s1963 hu o 0|| hun d |
| 040 |
|
|
|a SZTE Egyetemi Kiadványok Repozitórium
|b hun
|
| 041 |
|
|
|a hun
|
| 100 |
1 |
|
|a Vajda Ödön
|
| 245 |
1 |
2 |
|a A minőségellenőrzés célkitűzései és eredményei 1962-ben
|h [elektronikus dokumentum] /
|c Vajda Ödön
|
| 260 |
|
|
|a Műszaki Könyvkiadó
|b Budapest
|c 1963
|
| 300 |
|
|
|a 104-110
|
| 490 |
0 |
|
|a Élelmiszervizsgálati közlemények
|v 9 No. 3-4
|
| 650 |
|
4 |
|a Műszaki és technológiai tudományok
|
| 650 |
|
4 |
|a Egyéb műszaki tudományok és technológiák
|
| 650 |
|
4 |
|a Élelmiszer és italfélék
|
| 695 |
|
|
|a Élelmiszeripar - minőségellenőrzés - Magyarország - 1962, Élelmiszerellenőrzés - hatósági - Magyarország - 1962, Élelmiszerbiztonság
|
| 856 |
4 |
0 |
|u http://acta.bibl.u-szeged.hu/82044/1/elelmiszervizsgalati_kozlemenyek_1963_03-04_104-110.pdf
|z Dokumentum-elérés
|